| 000 | 00378nam a22001457a 4500 | ||
|---|---|---|---|
| 020 | _a0421283106 | ||
| 082 |
_a343.078624 _bUFF _cD |
||
| 245 |
_aConstruction Law _bJohn, Uff |
||
| 250 | _a3rd | ||
| 260 |
_alondon _bSweet & Maxwell _c1981 |
||
| 300 |
_axxiii, 307 p. : _bill, ; _c20 cm. _eD |
||
| 526 |
_a0 _b0 _c0 _d343_078624000000000_UFF |
||
| 650 |
_aMCE _9379 |
||
| 942 |
_2ddc _cBK |
||
| 999 |
_c542529 _d542529 |
||